Normal view MARC view
  • Aguilar Cota, Ymelda

Entry Nombre Personal

Number of records used in: 1

001 - NUMERO DE CONTROL

  • campo de control: 48816

003 - IDENTIFICADOR DE NUMERO DE CONTROL

  • campo de control: UPN

005 - FECHA Y HORA DE LA ÜLTIMA TRANSACCIÓN

  • campo de control: 20230508194337.0

008 - DATOS DE LONGITUD FIJA

  • campo de control de longitud fija: 230508nn acnnnaabn a aaa d

040 ## - FUENTE DE CATALOGACIÓN

  • Agencia original de catalogación: MX-MxUPN
  • Lenguaje de catalogación: spa

100 1# - ENCABEZAMIENTO - NOMBRE PERSONAL

  • Nombre personal: Aguilar Cota, Ymelda

400 1# - VEÁSE - NOMBRE DE PERSONA

  • Personal name: Cota, Ymelda Aguilar

670 ## - FUENTE EN LA QUE SE LOCALIZARON DATOS

  • Cita de la fuente: Colima, 2012:
  • Información localizada: reverso de la portada (Ymelda Aguilar Cota)

902 ## - CATALOGADOR

  • Catalogador: VíctorGodínez/080523